| 000 | 00929nmc a2200325 a 4500 | ||
|---|---|---|---|
| 003 | AR-BaBNM | ||
| 005 | 20251128204122.0 | ||
| 008 | 055019s1989 ||||||||||||||000 | spa|| | ||
| 020 | _a950-25-1523-4 | ||
| 040 | _cAR-BaBNM | ||
| 100 | 1 | _aGraziano, Ricardo | |
| 245 | 1 | 0 | _aLa gestión sindical en SEGBA |
| 260 |
_aBuenos Aires _bCentro Editor de América Latina _c1989 |
||
| 300 | 0 | _a127 p. | |
| 490 | 0 |
_aBiblioteca política Argentina _vv. 254 |
|
| 600 | 1 | 4 | _aTaccone, Juan José |
| 610 | 2 | 4 | _aServicios Eléctricos del Gran Buenos Aires |
| 610 | 2 | 4 | _aConfederación General del Trabajo [Argentina] |
| 650 | 4 | _aTRABAJADORES | |
| 650 | 4 | _aSINDICATOS | |
| 650 | 4 | _aMOVIMIENTO OBRERO | |
| 650 | 4 | _aPROBLEMAS POLITICOS | |
| 650 | 4 | _aCRISIS ECONOMICA | |
| 650 | 4 | _aEMPRESAS PUBLICAS | |
| 650 | 4 | _aSINDICALISMO | |
| 651 | 4 | _aArgentina | |
| 800 | 1 |
_aTroncoso, Oscar _edirector |
|
| 942 | _cBK | ||
| 998 | _cCarmen | ||
| 999 |
_c6248 _d6248 |
||